[Event "Chigorin Memorial 06th"]
[Site "St Petersburg"]
[Date "1998.11.09"]
[Round "9"]
[White "Polyakov, Dmitriy"]
[Black "Gutov, Andrey"]
[Result "1/2-1/2"]
[WhiteElo "2220"]
[BlackElo "2350"]
[PlyCount "44"]
[EventDate "1998.10.31"]
[EventType "swiss"]
[EventRounds "9"]
[EventCountry "RUS"]
[SourceTitle "CBM 067 Extra"]
[Source "ChessBase"]
[SourceDate "1999.01.01"]
[SourceVersion "1"]
[SourceVersionDate "1999.01.01"]
[SourceQuality "1"]

1. e4 e5 2. Nf3 Nf6 3. Nc3 Nc6 4. Bb5 Nd4 5. Ba4 c6 6. d3 b5 7. Bb3 Nxb3 8. axb3 d6 9. 0-0 Bg4 10. Re1 Be7 11. Be3 b4 12. Nb1 c5 13. Nbd2 h6 14. c3 a5 15. d4 cxd4 16. cxd4 exd4 17. Bxd4 0-0 18. Nc4 Ra6 19. Qd3 Be6 20. Rad1 Qa8 21. e5 dxe5 22. Nfxe5 Rd8 1/2-1/2

[Event "Chigorin Memorial 06th"]
[Site "St Petersburg"]
[Date "1998.11.06"]
[Round "6"]
[White "Chepukaitis, Genrikh"]
[Black "Polyakov, Dmitriy"]
[Result "1-0"]
[WhiteElo "2420"]
[BlackElo "2220"]
[PlyCount "67"]
[EventDate "1998.10.31"]
[EventType "swiss"]
[EventRounds "9"]
[EventCountry "RUS"]
[SourceTitle "CBM 067 Extra"]
[Source "ChessBase"]
[SourceDate "1999.01.01"]
[SourceVersion "1"]
[SourceVersionDate "1999.01.01"]
[SourceQuality "1"]

1. d4 d5 2. Bg5 g6 3. e3 Bg7 4. Nd2 Nf6 5. h4 Bg4 6. f3 Bc8 7. c3 Nh5 8. Ne2 h6 9. Bf4 Nxf4 10. exf4 h5 11. Nc1 Bf6 12. Nd3 e5 13. Qe2 Bxh4+ 14. Kd1 e4 15. fxe4 Bg4 16. Nf3 Be7 17. Nde5 Bxf3 18. gxf3 c6 19. Bh3 Rg8 20. Kc2 dxe4 21. fxe4 Bf6 22. Nd3 Kf8 23. e5 Qe7 24. Rae1 Bh4 25. Ref1 Bg3 26. f5 h4 27. f6 Qc7 28. e6 Na6 29. e7+ Ke8 30. Qe3 Rh8 31. b4 Qd6 32. Nc5 Nxc5 33. dxc5 Qd5 34. Kb2 1-0

[Event "Chigorin Memorial 06th"]
[Site "St Petersburg"]
[Date "1998.11.04"]
[Round "5"]
[White "Polyakov, Dmitriy"]
[Black "Kaparov, Danial"]
[Result "1-0"]
[WhiteElo "2220"]
[BlackElo "2020"]
[PlyCount "85"]
[EventDate "1998.10.31"]
[EventType "swiss"]
[EventRounds "9"]
[EventCountry "RUS"]
[SourceTitle "CBM 067 Extra"]
[Source "ChessBase"]
[SourceDate "1999.01.01"]
[SourceVersion "1"]
[SourceVersionDate "1999.01.01"]
[SourceQuality "1"]

1. e4 e6 2. d4 d5 3. Nd2 Nf6 4. e5 Ne4 5. Bd3 Nxd2 6. Bxd2 c5 7. c3 Nc6 8. Nf3 Qb6 9. Qc2 cxd4 10. cxd4 Nxd4 11. Nxd4 Qxd4 12. Bb5+ Bd7 13. Bxd7+ Kxd7 14. 0-0 Rc8 15. Bc3 Qb6 16. Rac1 Be7 17. Kh1 f5 18. exf6 Bxf6 19. Qa4+ Qc6 20. Qxa7 Bxc3 21. bxc3 Rhf8 22. Qe3 Rf7 23. Rfe1 Ke7 24. h3 Rf6 25. Qd3 Rg6 26. f3 Qc4 27. Qd2 Kf7 28. Qb2 b5 29. Red1 Kg8 30. Rd4 Qc5 31. Rb4 Rb8 32. a4 h6 33. axb5 Qb6 34. Ra1 Qb7 35. b6 e5 36. Ra7 Qc6 37. b7 Qc7 38. Ra8 Rd6 39. Rxb8+ Qxb8 40. Ra4 Rd7 41. Ra8 Rd8 42. Rxb8 Rxb8 43. Qb6 1-0

[Event "Chigorin Memorial 06th"]
[Site "St Petersburg"]
[Date "1998.10.31"]
[Round "1"]
[White "Polyakov, Dmitriy"]
[Black "Sivokho, Sergey V"]
[Result "0-1"]
[WhiteElo "2220"]
[BlackElo "2425"]
[PlyCount "94"]
[EventDate "1998.10.31"]
[EventType "swiss"]
[EventRounds "9"]
[EventCountry "RUS"]
[SourceTitle "CBM 067 Extra"]
[Source "ChessBase"]
[SourceDate "1999.01.01"]
[SourceVersion "1"]
[SourceVersionDate "1999.01.01"]
[SourceQuality "1"]

1. e4 c5 2. Nf3 Nf6 3. e5 Nd5 4. Nc3 Nxc3 5. dxc3 Nc6 6. Bf4 Qc7 7. Qd2 e6 8. Bc4 h6 9. h4 a6 10. 0-0-0 b5 11. Bd3 Bb7 12. Rhe1 0-0-0 13. Be4 Na5 14. Bxb7+ Nxb7 15. Qe3 d5 16. exd6 Bxd6 17. Bxd6 Rxd6 18. Rxd6 Nxd6 19. Qe5 Rg8 20. Rd1 Nb7 21. Qe4 Rd8 22. Rxd8+ Kxd8 23. Qh7 Qf4+ 24. Kd1 g6 25. Qg8+ Ke7 26. Qc8 Qd6+ 27. Ke2 Nd8 28. Qa8 f5 29. Qa7+ Kf6 30. b4 cxb4 31. cxb4 e5 32. c3 Ne6 33. g3 Qd5 34. Nd2 e4 35. Qxa6 Qd3+ 36. Kd1 Qxc3 37. Qd6 Qa1+ 38. Ke2 Qxa2 39. f3 exf3+ 40. Kxf3 Qb2 41. Nf1 Qd4 42. Qb8 Qd8 43. Qb7 Qd3+ 44. Kg2 f4 45. Qa7 Qe4+ 46. Kg1 fxg3 47. Nxg3 Qxh4 0-1

[Event "RUS-Cup01 Chigorin Memorial"]
[Site "St Petersburg"]
[Date "1997.11.07"]
[Round "7"]
[White "Polyakov, Dmitriy"]
[Black "Bratchenko, Alexander"]
[Result "1/2-1/2"]
[WhiteElo "2160"]
[BlackElo "2395"]
[PlyCount "115"]
[EventDate "1997.11.01"]
[EventType "swiss"]
[EventRounds "9"]
[EventCountry "RUS"]
[SourceTitle "CBM 061 Extra"]
[Source "ChessBase"]
[SourceDate "1998.03.09"]
[SourceVersion "1"]
[SourceVersionDate "1998.03.09"]
[SourceQuality "1"]

1. e4 Nf6 2. Nc3 d5 3. e5 Ne4 4. Nce2 Nc5 5. d4 Ne6 6. f4 g6 7. Nf3 Ng7 8. c4 c6 9. Nc3 e6 10. Bd3 dxc4 11. Bxc4 Nd7 12. 0-0 Nb6 13. Bb3 h5 14. Ne4 Be7 15. Qd3 Nf5 16. Bd2 Nd5 17. Rac1 a5 18. Bxd5 exd5 19. Neg5 Be6 20. a3 Qb6 21. b4 axb4 22. Bxb4 Bxb4 23. axb4 Qxb4 24. Nxe6 fxe6 25. Rb1 Qe7 26. Rb6 0-0 27. Rfb1 Ra7 28. Qb3 Nh4 29. Nxh4 Qxh4 30. g3 Qg4 31. Rxb7 Rxb7 32. Qxb7 Rxf4 33. Qxc6 Rf8 34. Qb6 h4 35. Rf1 Rxf1+ 36. Kxf1 Qf5+ 37. Kg1 g5 38. gxh4 Qg4+ 39. Kf2 Qxh4+ 40. Kg2 Qg4+ 41. Kf2 Kf7 42. Qb2 Kg6 43. Qc3 Qf4+ 44. Kg2 Kf5 45. Qf3 g4 46. Qc3 Qe4+ 47. Kg3 Qe2 48. h3 gxh3 49. Kxh3 Ke4 50. Kh4 Qf2+ 51. Kg5 Qf4+ 52. Kg6 Qf8 53. Qd2 Qf5+ 54. Kg7 Qf3 55. Kg6 Qf8 56. Qc3 Qf1 57. Qd2 Qf3 58. Kg7 1/2-1/2

[Event "RUS-Cup01 Chigorin Memorial"]
[Site "St Petersburg"]
[Date "1997.11.04"]
[Round "4"]
[White "Terekhin, Anatoly"]
[Black "Polyakov, Dmitriy"]
[Result "1-0"]
[WhiteElo "2325"]
[BlackElo "2160"]
[PlyCount "67"]
[EventDate "1997.11.01"]
[EventType "swiss"]
[EventRounds "9"]
[EventCountry "RUS"]
[SourceTitle "CBM 061 Extra"]
[Source "ChessBase"]
[SourceDate "1998.03.09"]
[SourceVersion "1"]
[SourceVersionDate "1998.03.09"]
[SourceQuality "1"]

1. e4 c5 2. g3 Nc6 3. Bg2 g6 4. Ne2 Bg7 5. 0-0 d6 6. d3 Rb8 7. c4 Bg4 8. Nbc3 Bxe2 9. Nxe2 e6 10. Rb1 Nge7 11. Be3 b5 12. cxb5 Rxb5 13. d4 c4 14. d5 exd5 15. exd5 Nb4 16. Bd4 Be5 17. Bxe5 dxe5 18. d6 Nc8 19. a3 Qxd6 20. Nc3 Rb6 21. axb4 Rxb4 22. Nd5 Rb3 23. f4 0-0 24. fxe5 Qxe5 25. Nf6+ Kg7 26. Qd2 c3 27. Qf2 Nb6 28. Rfe1 Qd6 29. bxc3 Kh8 30. Ne8 Qd8 31. Nf6 Rxc3 32. Kh1 Rc4 33. Rbd1 Qc8 34. Qe3 1-0

[Event "RUS-Cup01 Chigorin Memorial"]
[Site "St Petersburg"]
[Date "1997.11.01"]
[Round "1"]
[White "Polyakov, Dmitriy"]
[Black "Polovodin, Igor A"]
[Result "0-1"]
[WhiteElo "2160"]
[BlackElo "2440"]
[PlyCount "112"]
[EventDate "1997.11.01"]
[EventType "swiss"]
[EventRounds "9"]
[EventCountry "RUS"]
[SourceTitle "CBM 061 Extra"]
[Source "ChessBase"]
[SourceDate "1998.03.09"]
[SourceVersion "1"]
[SourceVersionDate "1998.03.09"]
[SourceQuality "1"]

1. e4 c5 2. Nf3 d6 3. d4 cxd4 4. Nxd4 Nf6 5. Nc3 e6 6. Be3 Be7 7. Be2 0-0 8. 0-0 Nc6 9. f4 e5 10. Nb3 exf4 11. Bxf4 Be6 12. Kh1 d5 13. exd5 Nxd5 14. Nxd5 Qxd5 15. Qxd5 Bxd5 16. Rad1 Rad8 17. Bc7 Rd7 18. Bf3 Rxc7 19. Bxd5 Nb4 20. Be4 g6 21. c3 Nc6 22. Bd5 Kg7 23. Nd4 Nxd4 24. Rxd4 f5 25. Re1 Bf6 26. Rd3 Rd8 27. Re2 b5 28. g3 h5 29. Kg2 h4 30. Red2 hxg3 31. hxg3 Be5 32. Bb3 Rxd3 33. Rxd3 Kf6 34. a4 Rb7 35. Bd5 Rb8 36. axb5 Rxb5 37. b3 Ra5 38. c4 Ra2+ 39. Kf3 Bd6 40. Re3 Bc5 41. Re2 Ra3 42. Rb2 a5 43. Bc6 Bd4 44. Rb1 Ra2 45. g4 Rf2+ 46. Kg3 f4+ 47. Kh3 Be5 48. Bg2 Rc2 49. Rf1 g5 50. Rf3 Bd4 51. Rd3 Bg1 52. Rd6+ Kf7 53. Rd7+ Ke6 54. Rd3 Ke7 55. Rf3 Be3 56. Rf1 Rc3 0-1